000 01228nam a2200313 c 4500
003 BLK
005 20180422110928.0
008 180409b bul|||||r ||||||| ||bul||
010 _aKNG00129099000
040 _aBLK
041 _aBUL
_cBUL
080 _aБългарска литература
_b821.163.2
_x-1
_z821.163.2-1
100 1 _aАтанасова, Вангелия
_eпърви автор
_9283875
700 1 _aПопиванов, Иван
_eс предг. от
_9377263
139 _aАтанасова, Вангелия
_bА 93
245 1 0 _aИмам само целия свят
_bСтихове
_cВангелия Атанасова; с предг. от Иван Попиванов.
257 _aBGR
260 София
_bНар. младеж
_c1973
300 _a40 с.
_c17 см
380 _aX
490 1 _aБиблиотека Смяна)(Първи книги на млади автори
490 1 _3Подсерия
_aЛирика
_v№ 104
500 _a1 125 тир.
852 _aЦб І 13254
856 4 _qpdf
_u
856 4 _qpdf
_u
942 _cKNG
_n0
944 _aCR
_c21.03.2012
_l21.03.2012 - от С1,Р / 21.03.2012
_kПравда_Бадева
944 _aED
_c21.03.2012
_l21.03.2012 - от С1,Р / 21.03.2012
_k
999 _c123439
_d123439